000 00653nam a2200205Ia 4500
003 OSt
005 20260606121024.0
008 210707s1983 xx 000 0 und d
040 _cAL
041 _aKannada
082 _aK894.4 PARM
100 _aPARAMASHIVAYYA (G Sham)
_9136068
_dಪರಮಶಿವಯ್ಯ (ಜೀ ಶಂ).
245 _aMedara kallu mattu itara prabandhagalu.
_bಮೇದರ ಕಲ್ಲು ಮತ್ತು ಇತರ ಪ್ರಬಂಧಗಳು
260 _aBengaluru
_bKannada Prapancha Prakashana
_c1983
300 _aviii,136 p
365 _b2
_cINR
563 _aPB
650 _aKannada Prose
_9136069
942 _2ddc
_cBK
999 _c180199
_d180199